Score 0/16 Timer 10:00
0 Plays Today
Runners-Up Best Picture % Correct
Atonement
Juno
Michael Clayton
There Will Be Blood
No Country For Old Men
84.9%
Four Weddings And A Funeral
Pulp Fiction
Quiz Show
The Shawshank Redemption
Forrest Gump
61.4%
As Good As It Gets
The Full Monty
Good Will Hunting
L.A. Confidential
Titanic
54.1%
The Cider House Rules
The Green Mile
The Insider
The Sixth Sense
American Beauty
49.9%
Gangs Of New York
The Hours
The Lord Of The Rings: The Two Towers
The Pianist
Chicago
49.7%
Awakenings
Ghost
The Godfather Part III
Goodfellas
Dances With Wolves
47.6%
Chocolat
Crouching Tiger, Hidden Dragon
Erin Brockovich
Traffic
Gladiator
45.2%
All The President's Men
Bound For Glory
Network
Taxi Driver
Rocky
41.1%
Runners-Up Best Picture % Correct
The Crying Game
A Few Good Men
Howards End
The Scent Of A Woman
Unforgiven
34%
All That Jazz
Apocalypse Now
Breaking Away
Norma Rae
Kramer vs. Kramer
33.1%
Anne Of The Thousand Days
Butch Cassidy And The Sundance Kid
Hello, Dolly!
Z
Midnight Cowboy
28.3%
American Graffiti
Cries And Whispers
The Exorcist
A Touch Of Class
The Sting
28.2%
The Killing Fields
A Passage To India
Places In The Heart
A Soldier's Story
Amadeus
27.1%
The Longest Day
The Music Man
Mutiny On The Bounty
To Kill A Mockingbird
Lawrence Of Arabia
21.4%
Fanny
The Guns Of Navarone
The Hustler
Judgment At Nuremburg
West Side Story
17.4%
High Noon
Ivanhoe
Moulin Rouge
The Quiet Man
The Greatest Show On Earth
15.7%

You're not logged in!

Compare scores with friends on all Sporcle quizzes.
OR
Log In

Sporcle TV

Today on Sporcle TV


Watch our educational content, quiz creation guides, and fun videos on Sporcle TV.

Show Comments

Extras

Top Quizzes Today


Score Distribution

Paid Content

Your Account Isn't Verified!

In order to create a playlist on Sporcle, you need to verify the email address you used during registration. Go to your Sporcle Settings to finish the process.

Report this User

Report this user for behavior that violates our Community Guidelines.

Details: